| 000 | 00820nam a22002177a 4500 | ||
|---|---|---|---|
| 999 |
_c20414 _d20414 |
||
| 003 | AR-CdUCM | ||
| 008 | 190517b ||||| |||| 00| 0 spa d | ||
| 040 |
_aMUNICIPALIDAD PROVINCIAL DEL CUSCO _cBIBLIOTECA MUNICIPAL DEL CUSCO |
||
| 082 |
_a621.31 / _bD85 |
||
| 100 |
_aDuff, John R. _940908 |
||
| 245 |
_aFundamentos de corriente alterna : _bExperimentos de laboratorio / |
||
| 260 |
_aMéxico : _bDiana, _c1972. |
||
| 300 |
_a127 paginas ; _c26 cm. |
||
| 440 |
_aManuales Delmar de electricidad y electrónica _942678 |
||
| 505 | _aContenido : Inductancia en los circuitos de C.A. -- Factor de potencia en los circuitos inductivos de C.A. -- Resistencia efectiva... | ||
| 650 |
_aAutotransformadores _942682 |
||
| 650 |
_aPracticas _911405 |
||
| 650 |
_aElectricidad _915840 |
||
| 942 |
_2ddc _cLIBROS |
||
| 945 | _arcc | ||